Quizzes
Events
Quiz Creation
Community
Videos
Private Events
Remove Ads
Sign In
Join for FREE
Feedback
Dark Mode
Quiz Categories
Sports
Geography
Music
Movies
Television
Just For Fun
Miscellaneous
History
Literature
Language
Science
Gaming
Entertainment
Religion
Holiday
For Kids
Quiz Lab
Recent
Popular Today
Quiz Kudos Today
Editor Picks
Curator Picks
Quizzes by...
Day
Popularity
Type
Ratings
Length
Year
Community
Subscriptions
Recent Discussions
Orange Saloon
Badges
Playlists
Quests
Create
Leaderboards
Showdown
Live 5
Trivia Bingo
Activity
Puzzle Library
Sporcle Events
Private Events
Virtual Trivia
Globe League
Become a Host
Pub Owners
SporcleCon
Opinionation
Our Games
Videos
Blog
Mobile Apps
Partnerships
Remove Ads and Go Orange
Feedback
Religion
Mythology
Religious Music
World Religions
Bible
Christianity
Catholicism
Judaism
Church
Scripture
Islam
Verse
Religion
Mythology
Religious Music
World Religions
Bible
Christianity
Catholicism
Judaism
Church
Scripture
Islam
Verse
Random Quiz
Search Sporcle
×
Quiz Lab
Quiz Lab
Religion
Catholicism
Type in answers that appear in a list
Type in answers that appear in a list
Classic
Best Score? Go Orange.
Events in Catholic Church Stats
Can you name the Events in Catholic Church?
By
pltripp
10m
19 Questions
74 Plays
74 Plays
74 Plays
Comments
Comments
Give Quiz Kudos
Give Quiz Kudos
-
- Ratings
hide this ad
Replay
Link that replays current quiz
Next Quiz
Link to next quiz in quiz playlist
You Got
0%
They Got
Avg Score
26%
Avg Friend Score
Upgrade to see
Score Distribution
Jump to the score distribution portion of the page
Score
0/19
Timer
10:00
0
Plays Today
% Correct
Good Friday
78.4%
Easter Sunday
73%
Holy Thursday
58.1%
Palm Sunday
54.1%
Ash Wednesday
45.9%
All Saints Day
32.4%
Pentecost Sunday
28.4%
Mary Mother of God
21.6%
Nativity of the Lord
21.6%
Baptism of the Lord
14.9%
% Correct
The Most Holy Trinity
10.8%
Epiphany of the Lord
9.5%
Acension Thursday
9.5%
Assumption of the Virgin Mary
6.8%
Our Lord Jesus Christ the King
6.8%
Most Holy Body and Blood of Christ
6.8%
Immaculate Conception of Mary
6.8%
Our Lady of Guadalupe
6.8%
Holy Family of Jesus, Mary, and Joesph
5.4%
Quiz Playlist
Details
Report
Send in Message
Add To Playlist
Classic:
Type in answers that appear in a list
Last Updated: Feb 16, 2017
Quiz Scoreboard
CHALLENGE
Sign Up to Join the Scoreboard
Show All
Scores
Hide
Comments
May contain spoilers
Recently Published
An Introduction to Baseball
by treessimontrees
Sports
5m
Movies - When Are They Set?
by FPL_Elf
Movies
5m
Popular People in 1961
by mucciniale
History
6m
More to Explore
Quiz From the Vault
Featured Blog Post
Where Did the Easter Bunny Come From?
hide this ad
You Might Also Like...
Tags
Catholicism Quiz
Church Quiz
catholic
Event
Today's Top Quizzes in Religion
Browse Religion
hide this ad
Today's Top Quizzes in Catholicism
Browse Catholicism
Top Contributed Quizzes in Religion
1
5-to-1: Children of Gods
2
5-to-1: European Churches
3
10 to 1: Islam
4
Order Up: Seven Last Words of Christ
5
One Thing in Common: Mythology
6
Religion Who Wants To Be A Millionaire
7
10 to 1: Protestantism
8
One Thing in Common: Mythology II
9
Prime Time: Religion
10
10 to 1: Norse Religion
Explore More
Trending Topics
Disney
Harry Potter
Kpop
Crossword
NBA
Marvel
Anime
Pokémon
WWE
NFL
Song
Soccer
Puzzle
Country
The Office
hide this ad
More By:
pltripp
Quiz
Plays
Rating
Category
Featured
Created
Liturgical Year
513
1.50
Religion
Mar 18, 2010
Human Body Disorders
224
1.25
Science
Mar 5, 2010
Busy Cities in U.S.
169
1.00
Just For Fun
Mar 28, 2010
Reno/Lake Tahoe Hotels
118
1.00
Just For Fun
Mar 28, 2010
3 Biggest Earthquakes 2010
100
1.00
Science
Mar 28, 2010
Go to Creator's Profile
Score Distribution
Quiz Creator Spotlight
pltripp
Follow
Send a Message
Quizzes Created
-
Created Quiz Play Count
-
More By This Creator
Popular Quizzes Today
1
Find the Countries of Europe - No Outlines Minefield
2
Find the US States - No Outlines Minefield
3
The Countries of the World
4
Popular People in 1961
5
Find the US States
6
US States
7
1-10 Letter E Words III
8
Risky Map Clicking: Biggest States A-Z
More Religion Quizzes
Longest Answer: New Testament Books
Published
Trending Quizzes
Risky Map Clicking: Least Populous States A-Z
1-10 Letter F Words
1-10 Letter G Words
One Thing in Common: United Kingdom
Risky Map Clicking: Next State Alphabetically
Recently Updated
Leaping Animals
pecheneg
Reality TV Shows (A-Z)
bhenderson79
Rickey Henderson's Hall of Fame Teammates
pecheneg
Champions League XIs: Arsenal
pecheneg
Quick Pick: Celebrities in WWE's Hall of Fame
aduchscher
A-Z Keypad Blitz II
pecheneg
Multiple Oscar Actors
pecheneg
Mystery Phrase Blitz: Oscar 'Best Actors'
pecheneg
F. Scott Fitzgerald Novels
LTH
Pick 3 Villains
ddd62291
Trending Topics
Kpop
Anime
Harry Potter
Crossword
Marvel
NBA
Disney
The Office
Country
Puzzle
Song
NFL
Pokémon
WWE
Soccer
Your Account Isn't Verified!
In order to create a playlist on Sporcle, you need to verify the email address you used during registration. Go to your
Sporcle Settings
to finish the process.
Report this User
Report this user for behavior that violates our
Community Guidelines
.
Details:
Send Report
Go to the Sporcle.com Mobile Site →
Comments